000
00184 a2200097 4500
001
18488
100
_a
Shooman M.L
245
_a
260
_a
_b
Unesco
_c
1970
090
_c
13724
_d
13724
942
_a
NUST-CAE
_c
M
_c
4141
999
_c
253561
_d
253561